Вып. 23 : Разработка и методы исследований сейсмометрических преобразователей; Сейсмические приборы

Dades bibliogràfiques
Parent link:Сейсмические приборы: сборник научных трудов/ Академия наук СССР (АН СССР), Институт физики Земли им. О. Ю. Шмидта (ИФЗ). Вып. 23 : Разработка и методы исследований сейсмометрических преобразователей.— , 1961-1993
Idioma:rus
Publicat: 1992
Matèries:
Format: Llibre
KOHA link:https://koha.lib.tpu.ru/cgi-bin/koha/opac-detail.pl?biblionumber=31654

MARC

LEADER 00000nam2a2200000 4500
001 31654
005 20231101210042.0
010 |a 5020022675 
035 |a (RuTPU)RU\TPU\book\31945 
035 |a BOOK00000024 
090 |a 31654 
100 |a 20011210d1992 k y0rusy50 ca 
101 0 |a rus 
102 |a RU 
105 |a a z 001zy 
200 0 |a Вып. 23 : Разработка и методы исследований сейсмометрических преобразователей 
210 |d 1992 
215 |a 137 с.  |c ил. 
320 |a Библиогр. в конце ст. 
461 1 |0 (RuTPU)RU\TPU\book\28337  |t Сейсмические приборы  |o сборник научных трудов  |f Академия наук СССР (АН СССР), Институт физики Земли им. О. Ю. Шмидта (ИФЗ)  |v Вып. 23 : Разработка и методы исследований сейсмометрических преобразователей  |d 1961-1993 
606 1 |a Сейсмическая аппаратура  |2 stltpush  |3 (RuTPU)RU\TPU\subj\54337  |9 72494 
610 1 |a геология 
610 1 |a сейсмометрия 
610 1 |a инструментальные средства 
610 1 |a измерения 
610 1 |a метрология 
610 1 |a сейсмические колебания 
610 1 |a сейсмические приборы 
675 |a 550.34.03  |v 3 
801 0 |a RU  |b 63413507  |c 20011210  |g PSBO 
801 2 |a RU  |b 63413507  |c 20170110  |g PSBO 
942 |c BK